Quick Pick: Female Solo Artists Quiz Stats

Quiz Updated Jun 8, 2016

Challenge
Share
Tweet
Embed
Score 0/16 Timer 01:00
1 Play Today
% Correct
Christina
98.1%
Dion
98.1%
Stefani
97.2%
Tina
97.2%
Franklin
96.9%
Avril
96.4%
Nicki
96.3%
Lauper
95.8%
% Correct
Abdul
95.7%
Minnelli
94.7%
Billie
94.6%
Goulding
93.9%
Alanis
93.2%
Sinéad
92.4%
Melissa
89.3%
Janelle
85.2%

Today's Daily Dose

Missing Word
Law Misconceptions

Word Ladder
Easy Math

On This Day
January 20th

You're not logged in!

Compare scores with friends on all Sporcle quizzes.
Sign Up with Email
OR
Log In

You Might Also Like...

Show Comments

Extras

Top Quizzes Today


Score Distribution

Your Account Isn't Verified!

In order to create a playlist on Sporcle, you need to verify the email address you used during registration. Go to your Sporcle Settings to finish the process.